• 首页
  • 本馆介绍
  • 公告通知
  • 最新文献
  • 馆藏检索
  • 电子资源
  • 读者导购
  • 参考咨询
  • 我的图书馆
  • 登录
  • 详细信息显示
  • 放入我的书架
  • 预约/预借图书
  • 作者相关作品
  • 分类相关作品
  • 丛书相关作品
  • 出版社相关作品

书目信息

  • 表格格式
  • 工作单格式
  • 卡片格式
题名:
从现代性到后现代性
    
 
作者: 张颐武 著
分册:  
出版信息: 南宁   广西教育出版社  1997
页数: 356页
开本: 20cm
丛书名: 跨世纪学者丛书
单 册:
中图分类: I209.7 , G05
科图分类:
主题词: 现代主义--文学评论--中国 , 后现代主义--文学评论--中国 , 文化理论
电子资源:
ISBN: 7-5435-2626-3
000 00754nam2 2200265 450
001 1539512063
005 20150201105857.10
010    @a7-5435-2626-3@b精装@dCNY23.00
100    @a20021005d1997 kemy0chiy0110 ea
101 0  @achi
102    @aCN@b450000
105    @ay zr 000yy
200 1  @a从现代性到后现代性@9cong xian dai xing dao hou xian dai xing@f张颐武著
210    @a南宁@c广西教育出版社@d1997
215    @a356页@d20cm
225 2  @a跨世纪学者丛书@h第一辑
461  0 @12001 @a跨世纪学者丛书
606 0  @a现代主义@x文学评论@y中国
606 0  @a后现代主义@x文学评论@y中国
606 0  @a文化理论
690    @aI209.7@v5
690    @aG05@v4
701  0 @a张颐武@9zhang yi wu@4著
801  0 @aCN@bTSSF@c20150201
905    @aZUCC@dG05@eJY1
    
    从现代性到后现代性/张颐武著.-南宁:广西教育出版社,1997
    356页;20cm.-(跨世纪学者丛书.第一辑)
    
    
    ISBN 7-5435-2626-3(精装):CNY23.00
    
●
相关链接 在E读中查询图书 在五车中查询图书 在当当中查询图书 在豆瓣中查询图书


正题名:从现代性到后现代性     索取号:G05/JY1         预约/预借

序号 登录号 条形码 馆藏地/架位号 状态 备注
1 7857341   278573410   学院路分馆/ [索取号:G05/JY1] 在馆    
唐山师范学院图书馆 欢迎您!
大连网信软件有限公司© 版权所有